| 000 | 02159nam a2200349 a 4500 | ||
|---|---|---|---|
| 001 | 000035667 | ||
| 003 | DO-SdBNP | ||
| 005 | 20260321073642.0 | ||
| 007 | ta | ||
| 008 | 111108s2011 dr a 001 0 spa d | ||
| 020 | _a9789945469530 | ||
| 040 |
_aDO-SdBNP _bspa _cBNPHU |
||
| 082 |
_a322.2 _bJ61t _222 |
||
| 100 | 1 |
_aJimenes Grullón, Juan Isidro, _d1903-1983 _92482 |
|
| 245 | 1 | 3 |
_aLa tragedia dominicana y el Primer Congreso ordinario de la C.T.A.L. / _cJuan Isidro Jimenes Grullón, Ángel Miolán, Juan Bosch. |
| 260 |
_aSanto Domingo : _bNacional, _c2011. |
||
| 300 |
_a73 p. : _bil. ; _c23 cm. |
||
| 490 | 1 | _a30 de mayo: Puerta a la libertad ; | |
| 505 | 0 |
_gLiminar / _rRafael Lantigua -- _aExplicación -- _tDe la democracia de los países latinoamericanos -- _tInforme de la delegación dominicana al Primer Congreso ordinario de la C.T.A.L. -- _tLucha de la clase obrera en contra de la tiranía dominicana. (Resolución nº10 de la Comisión de Asuntos Políticos, del Primer Congreso ordinario de la C.T.A.L.) -- _tDiscurso pronunciado por el Dr. J. I. Jiménes-Grullón, a nombre de la delegación dominicana, en el Primer Congreso ordinario de la C.T.A.L.) -- _tSanto Domingo está sufriendo una de las tiranías más odiosas y brutales (Entrevista concedida por el Dr. J. I. Jiménes-Grullón a "El Popular", diciembre 6 de 1941). |
|
| 590 | _aInventariado, 2018/BT | ||
| 650 | 4 |
_aTrabajo y trabajadores _xActividad política _zRepública Dominicana _xCongresos, conferencias, etc. _961589 |
|
| 650 | 4 |
_aActividades obreras internacionales _xCongresos, conferencias, etc. _961590 |
|
| 650 | 4 |
_aSindicalismo _xCongresos, conferencias, etc. _961591 |
|
| 650 | 4 |
_aSindicatos _xActividad política _zAmérica Latina _xCongresos, conferencias, etc. _961592 |
|
| 700 | 1 | 2 |
_aMiolán, Ángel, _d1912-2010 _943877 |
| 700 | 1 | 2 |
_a Bosch, Juan, _d1909-2001 _976555 |
| 710 | 2 | 2 |
_aConfederación de Trabajadores de América Latina (C.T.A.L.) _961593 |
| 711 | 2 |
_aCongreso ordinario de la C.T.A.L. _n(1º: _d2011, _cSanto Domingo ) _961594 |
|
| 830 | 0 |
_a30 de mayo: Puerta a la libertad ; _961595 |
|
| 910 | _aValidado. Control de calidad. EMS | ||
| 942 |
_2ddc _cLBS1 |
||
| 999 |
_c35158 _d35158 |
||